000 00309nam a2200133Ia 4500
005 20260328104304.0
008 260328s9999||||xx |||||||||||||| ||und||
100 _aPlutarco
245 0 _aVidas Paralelas /
_cPlutarco
260 _bVergara
300 _a843 p.
650 _aHISTORIA Y CRITICA
942 _cBK
999 _c10697
_d10697